<?xml version="1.0" encoding="UTF-8"?>
<collection xmlns="http://www.loc.gov/MARC21/slim">
    <record>
        <controlfield tag="001">88134</controlfield>
        <controlfield tag="005">20200224103753.0</controlfield>
        <datafield tag="037" ind1=" " ind2=" ">
            <subfield code="a">TAZ-TFG-2019-1426</subfield>
        </datafield>
        <datafield tag="041" ind1=" " ind2=" ">
            <subfield code="a">spa</subfield>
        </datafield>
        <datafield tag="100" ind1="1" ind2=" ">
            <subfield code="a">Pérez Conesa, Antonio Pedro</subfield>
        </datafield>
        <datafield tag="242" ind1="0" ind2="0">
            <subfield code="a">Speed and explosive Force in Soccer base categories</subfield>
        </datafield>
        <datafield tag="245" ind1="0" ind2="0">
            <subfield code="a">La velocidad y la Fuerza explosiva en las categorías base del fútbol</subfield>
        </datafield>
        <datafield tag="260" ind1=" " ind2=" ">
            <subfield code="a">Zaragoza</subfield>
            <subfield code="b">Universidad de Zaragoza</subfield>
            <subfield code="c">2019</subfield>
        </datafield>
        <datafield tag="506" ind1=" " ind2=" ">
            <subfield code="a">by-nc-sa</subfield>
            <subfield code="b">Creative Commons</subfield>
            <subfield code="c">3.0</subfield>
            <subfield code="u">http://creativecommons.org/licenses/by-nc-sa/3.0/</subfield>
        </datafield>
        <datafield tag="520" ind1=" " ind2=" ">
            <subfield code="a">El rendimiento de los jugadores de fútbol es multifactorial, destacando en el aspecto fisiológico la fuerza, potencia y velocidad. Apenas se encuentran referencias normativas de la evolución y progresión de la condición física en etapas de formación. El objetivo de este estudio es establecer mediante test inespecíficos de fuerza (Squat Jump, Counter Movement Jump y Drop Jump) y velocidad (Sprint de 30 m.), realizados a 251 futbolistas entre 6 y 15 años, unos valores normativos por categorías y observar la relación entre las pruebas. Se utilizó el programa SPSS versión 22 de la Universidad de Zaragoza para el análisis estadístico descriptivo dado en media, desviación típica y percentiles y la estadística inferencial para establecer la relación entre variables a través del coeficiente de correlación de Pearson, estableciendo la significatividad en p˂ 0,05. Los resultados muestran una gran correlación entre el test de salto Counter Movement Jump y el de Sprint 30 metros. El estado de la maduración del joven deportista es un factor determinante en el rendimiento deportivo en etapas de formación. Los mejores valores se reflejan en categoría cadete, coincidiendo con el Pico Valoración de Crecimiento y encontrando correlación negativa entre Sprint 30 metros y CMJ en casi todas las categorías. Las tablas de percentiles permiten situar a los sujetos dentro de cada categoría.&lt;br /></subfield>
        </datafield>
        <datafield tag="521" ind1=" " ind2=" ">
            <subfield code="a">Graduado en Ciencias de la Actividad Física y del Deporte</subfield>
        </datafield>
        <datafield tag="540" ind1=" " ind2=" ">
            <subfield code="a">Derechos regulados por licencia Creative Commons</subfield>
        </datafield>
        <datafield tag="700" ind1=" " ind2=" ">
            <subfield code="a">Álvarez Medina, Javier</subfield>
            <subfield code="e">dir.</subfield>
        </datafield>
        <datafield tag="710" ind1="2" ind2=" ">
            <subfield code="a">Universidad de Zaragoza</subfield>
            <subfield code="b">Fisiatría y Enfermería</subfield>
            <subfield code="c">Educación Física y Deportiva</subfield>
        </datafield>
        <datafield tag="856" ind1="0" ind2=" ">
            <subfield code="f">646799@celes.unizar.es</subfield>
        </datafield>
        <datafield tag="856" ind1="4" ind2=" ">
            <subfield code="s">1313169</subfield>
            <subfield code="u">http://zaguan.unizar.es/record/88134/files/TAZ-TFG-2019-1426.pdf</subfield>
            <subfield code="y">Memoria (spa)</subfield>
        </datafield>
        <datafield tag="856" ind1="4" ind2=" ">
            <subfield code="s">885524</subfield>
            <subfield code="u">http://zaguan.unizar.es/record/88134/files/TAZ-TFG-2019-1426_ANE.pdf</subfield>
            <subfield code="y">Anexos (spa)</subfield>
        </datafield>
        <datafield tag="909" ind1="C" ind2="O">
            <subfield code="o">oai:zaguan.unizar.es:88134</subfield>
            <subfield code="p">driver</subfield>
            <subfield code="p">trabajos-fin-grado</subfield>
        </datafield>
        <datafield tag="950" ind1=" " ind2=" ">
            <subfield code="a"></subfield>
        </datafield>
        <datafield tag="951" ind1=" " ind2=" ">
            <subfield code="a">deposita:2020-02-24</subfield>
        </datafield>
        <datafield tag="980" ind1=" " ind2=" ">
            <subfield code="a">TAZ</subfield>
            <subfield code="b">TFG</subfield>
            <subfield code="c">FCSHUES</subfield>
        </datafield>
        <datafield tag="999" ind1=" " ind2=" ">
            <subfield code="a">20190619191545.CREATION_DATE</subfield>
        </datafield>
    </record>

    
</collection>